000 00552nam a2200181Ia 4500
999 _c13921
_d13921
003 OSt
005 20201027101937.0
008 190216s9999||||xx |||||||||||||| ||und||
020 _a8172242875
040 _coclc
082 _a954.1403
_bCHA/A
100 _aChaudhuri, Nirad C
_93419
245 0 _aThe Autobiography Of An Unknown Indian /
_cNirad C Chaudhuri
260 _bJaico Publishing House,
_c1951.
_aNew Delhi:
300 _a610p
650 _aEnglish Literature
942 _cBK
_2ddc
_h954.1403
_iCHA/A
_k954.1403
_mCHA/A